| 000 | 00856nam a22002537a 4500 | ||
|---|---|---|---|
| 005 | 20170123162311.0 | ||
| 010 | _aB-052079 | ||
| 020 | _c250.00 | ||
| 035 | _aB-052079 | ||
| 037 | _bCen Lib/Ret | ||
| 040 |
_aDPL _bUR |
||
| 082 |
_a891.5 _bظ ه و |
||
| 100 |
_aظاہروددیں احمد _9108487 |
||
| 245 |
_aنیا ایرانی ادب : _cظاہروددیں احمد _bمع ترمیم و اضافہ / |
||
| 246 |
_aNaya irani adab : ma tarmeem aur izafa / _bby Zahiruddin Ahmad |
||
| 260 |
_aلاہور _bنگار شات پبلشرز _c2000 |
||
| 270 | _bلاہور | ||
| 300 |
_a416p. _c21cm(Hb) |
||
| 650 |
_aادب - ایرانی _9111696 |
||
| 650 |
_a ایرانی کہانیاں _9111697 |
||
| 650 |
_aLitrerature -- Irani _9111698 |
||
| 650 |
_aIrani stories _9111699 |
||
| 942 |
_2ddc _cUR _h891.5 _mظ ه و |
||
| 999 |
_c106434 _d106434 |
||